000 00357nam a2200145Ia 4500
008 210210b1967 xxu||||| |||| 00| 0 eng d
082 _a530.092 MICH
100 _a-
245 _aMICHAEL FARADAY 1791-1867.
260 _aLondon
_bNuffield Foundation
_c1967
300 _a16
650 _aMichael Faraday physicist
690 _aBiography
906 _a027422
999 _c78710
_d78710